Ética y desarrollo profesional /

Salvato in:
Dettagli Bibliografici
Autore principale: Acosta Torres, Ricardo (autor.)
Altri autori: Álvarez Domínguez, Mónica (autora.), Aguilar Villela, Arvin (autor.), Arriola Jiménez, Juan Carlos (autor.), Duarte Velázquez, Ulises Alejandro (autor.), Juárez Salazar, Edgar Miguel (autor.)
Natura: eBook
Lingua:spagnolo
Pubblicazione: Madrid : Dextra Editorial, 2023.
Soggetti:
Accesso online:https://elibro.unach.elogim.com/es/lc/unach/titulos/249741
Tags: Aggiungi Tag
Nessun Tag, puoi essere il primo ad aggiungerne!!

MARC

LEADER 00000nam a2200000 i 4500
001 ELB249741
003 FINmELB
005 20240322060030.5
006 m o d |
007 cr cnu||||||||
008 240224s2023 sp o 001 0 spa d
020 |a 9788410026162  |q (e-book) 
035 |a (OCoLC)1427602481 
040 |a FINmELB  |b spa  |e rda  |c FINmELB 
050 4 |a BJ1031  |b A786 2023 
080 |a 17 
082 0 4 |a 171.2  |2 23 
100 1 |a Acosta Torres, Ricardo,  |e autor. 
245 1 0 |a Ética y desarrollo profesional /  |c Ricardo Acosta Torres, Mónica Álvarez Domínguez, Arvin Aguilar Villela, Juan Carlos Arriola Jiménez, Ulises Alejandro Duarte Velázquez, Edgar Miguel Juárez Salazar, Gilberto Ramírez Muñoz, Juan Rodolfo Reyna García, Rocío Torres Lares, Marcia Trejo Silva. 
264 1 |a Madrid :  |b Dextra Editorial,  |c 2023. 
300 |a 1 recurso en línea (115 páginas) 
336 |a texto  |b txt  |2 rdacontent/spa 
337 |a computadora  |b c  |2 rdamedia/spa 
338 |a recurso en línea  |b cr  |2 rdacarrier/spa 
500 |a Incluye índice. 
588 |a Descripción basada en metadatos suministrados por el editor y otras fuentes. 
590 |a Recurso electrónico. Santa Fe, Arg.: elibro, 2024. Disponible vía World Wide Web. El acceso puede estar limitado para las bibliotecas afiliadas a elibro. 
650 4 |a Ética. 
650 4 |a Moral. 
655 4 |a Libros electrónicos. 
700 1 |a Álvarez Domínguez, Mónica,  |e autora. 
700 1 |a Aguilar Villela, Arvin,  |e autor. 
700 1 |a Arriola Jiménez, Juan Carlos,  |e autor. 
700 1 |a Duarte Velázquez, Ulises Alejandro,  |e autor. 
700 1 |a Juárez Salazar, Edgar Miguel,  |e autor. 
797 2 |a elibro, Corp. 
856 4 0 |u https://elibro.unach.elogim.com/es/lc/unach/titulos/249741